<?xml version="1.0" encoding="UTF-8"?>
<record
    xmlns:xsi="http://www.w3.org/2001/XMLSchema-instance"
    xsi:schemaLocation="http://www.loc.gov/MARC21/slim http://www.loc.gov/standards/marcxml/schema/MARC21slim.xsd"
    xmlns="http://www.loc.gov/MARC21/slim">

  <leader>00619nam a2200205   4500</leader>
  <controlfield tag="001">86504</controlfield>
  <controlfield tag="003">BD-RjUL</controlfield>
  <controlfield tag="005">20260518123037.0</controlfield>
  <controlfield tag="008">260518s1959    pk ||||| |||| 00| 0 urd d</controlfield>
  <datafield tag="035" ind1=" " ind2=" ">
    <subfield code="a">(BD-RjUL)86504</subfield>
  </datafield>
  <datafield tag="040" ind1=" " ind2=" ">
    <subfield code="a">BD-RjUL</subfield>
    <subfield code="b">eng</subfield>
    <subfield code="c">BD-RjUL</subfield>
  </datafield>
  <datafield tag="041" ind1=" " ind2=" ">
    <subfield code="a">urd</subfield>
  </datafield>
  <datafield tag="082" ind1=" " ind2=" ">
    <subfield code="2">23</subfield>
    <subfield code="a">891.439109</subfield>
    <subfield code="b">HAA 1959</subfield>
  </datafield>
  <datafield tag="100" ind1=" " ind2=" ">
    <subfield code="a">&#x62D;&#x627;&#x631;&#x62B;&#x60C; &#x633;&#x62C;&#x627;&#x62F; ;; Haris, Sajjad</subfield>
    <subfield code="9">18515</subfield>
  </datafield>
  <datafield tag="245" ind1=" " ind2=" ">
    <subfield code="a">&#x639;&#x648;&#x627;&#x645;&#x6CC; &#x634;&#x627;&#x639;&#x631;&#x627;&#x648;&#x631; &#x627;&#x633; &#x6A9;&#x627; &#x641;&#x646; ;; awami shaaraur is ka fan /</subfield>
    <subfield code="c">&#x633;&#x62C;&#x627;&#x62F; &#x62D;&#x627;&#x631;&#x62B; ;; Sajjad Haris</subfield>
  </datafield>
  <datafield tag="260" ind1=" " ind2=" ">
    <subfield code="a">Lahor : </subfield>
    <subfield code="b">Maqbul akademy, </subfield>
    <subfield code="c">1959</subfield>
  </datafield>
  <datafield tag="300" ind1=" " ind2=" ">
    <subfield code="a">304 p; </subfield>
    <subfield code="c">17 cm</subfield>
  </datafield>
  <datafield tag="650" ind1=" " ind2=" ">
    <subfield code="a">Literature </subfield>
  </datafield>
  <datafield tag="942" ind1=" " ind2=" ">
    <subfield code="2">ddc</subfield>
    <subfield code="c">BK</subfield>
  </datafield>
  <datafield tag="999" ind1=" " ind2=" ">
    <subfield code="c">86504</subfield>
    <subfield code="d">86504</subfield>
  </datafield>
  <datafield tag="952" ind1=" " ind2=" ">
    <subfield code="0">0</subfield>
    <subfield code="1">0</subfield>
    <subfield code="2">ddc</subfield>
    <subfield code="4">0</subfield>
    <subfield code="7">1</subfield>
    <subfield code="8">NFIC</subfield>
    <subfield code="a">RUCL</subfield>
    <subfield code="b">RUCL</subfield>
    <subfield code="c">Reading</subfield>
    <subfield code="d">1971-10-08</subfield>
    <subfield code="e">Sh. Mubarak Ali</subfield>
    <subfield code="g">4.00</subfield>
    <subfield code="l">0</subfield>
    <subfield code="o">U 891.439109 HAA 1959</subfield>
    <subfield code="r">2026-05-18 12:29:38</subfield>
    <subfield code="t">C-1</subfield>
    <subfield code="w">2026-05-18</subfield>
    <subfield code="y">BK</subfield>
  </datafield>
</record>
